MARC details
| 000 -LEADER |
| campo de control de longitud fija |
01914nam a22003377a 4500 |
| 003 - IDENTIFICADOR DE NÚMERO DE CONTROL |
| campo de control |
OSt |
| 005 - FECHA Y HORA DE LA ÚLTIMA TRANSACCIÓN |
| campo de control |
20230816090739.0 |
| 008 - DATOS DE LONGITUD FIJA--INFORMACIÓN GENERAL |
| campo de control de longitud fija |
220929b |||||||| |||| 00| 0 eng d |
| 040 ## - FUENTE DE CATALOGACIÓN |
| Centro/agencia transcriptor |
Biblioteca Lado V |
| 082 ## - NÚMERO DE LA CLASIFICACIÓN DECIMAL DEWEY |
| Número de clasificación |
001.3 |
| Número de ítem |
U58i |
| 110 ## - ENTRADA PRINCIPAL--NOMBRE DE ENTIDAD CORPORATIVA |
| 9 (RLIN) |
937 |
| Nombre de entidad corporativa o nombre de jurisdicción como elemento de entrada |
Universidad Nacional (Costa Rica) |
| Término indicativo de función/relación |
autor |
| 245 ## - MENCIÓN DEL TÍTULO |
| Título |
Ístmica/ |
| Resto del título |
revista de la Facultad de Filosofía y Letras, Universidad Nacional, UNA, Facultad de Filosofía y Letras, Universidad Nacional/ |
| 260 ## - PUBLICACIÓN, DISTRIBUCIÓN, ETC. |
| Nombre del editor, distribuidor, etc. |
Facultad de Filosofía y Letras |
| Fecha de publicación, distribución, etc. |
2017 |
| Lugar de publicación, distribución, etc. |
Costa Rica |
| 300 ## - DESCRIPCIÓN FÍSICA |
| Extensión |
154p. |
| Dimensiones |
16x24cm |
| 490 ## - MENCIÓN DE SERIE |
| Designación de volumen o secuencia |
2017 |
| Mención de serie |
20 |
| Número Internacional Normalizado para Publicaciones Seriadas |
1023-0890 |
| 505 ## - NOTA DE CONTENIDO CON FORMATO |
| Nota de contenido con formato |
Editorial |
| 505 ## - NOTA DE CONTENIDO CON FORMATO |
| Nota de contenido con formato |
Crónica literaria: volver a las fuentes centroamericanas |
| Título |
La crónica modernista centroamericana y sus posibilidades editoriales: tres obras que merecen una edición crítica.<br/><br/>Enrique Gómez Carrillo, un viaje a las trincheras (1914-1915)<br/><br/>Los bordes de la escritura: la crónica modernista de Arturo Ambrogi<br/><br/>Rubén Darío, lo fantástico y la Revolución Mexicana |
| 505 ## - NOTA DE CONTENIDO CON FORMATO |
| Nota de contenido con formato |
Artes Visuales |
| Mención de responsabilidad |
Haydée Arango Milián |
| Título |
Historia y Arte en la plástica de Cuba y Puerto Rico: puentes entre dos tiempos, entre dos aguas |
| 505 ## - NOTA DE CONTENIDO CON FORMATO |
| Nota de contenido con formato |
Literatura |
| Título |
Ecos de la diáspora africana |
| Mención de responsabilidad |
Carol Britton |
| 505 ## - NOTA DE CONTENIDO CON FORMATO |
| Nota de contenido con formato |
Varia |
| Título |
Voces y registros anticanónicos de la posguerra<br/><br/>La prensa temprana en la era digital: contexto y recursos |
| 505 ## - NOTA DE CONTENIDO CON FORMATO |
| Nota de contenido con formato |
Colaboradores |
| 505 ## - NOTA DE CONTENIDO CON FORMATO |
| Nota de contenido con formato |
Normas Editoriales |
| 650 ## - PUNTO DE ACCESO ADICIONAL DE MATERIA--TÉRMINO DE MATERIA |
| Fuente del encabezamiento o término |
Tesauro de Arte & Arquitectura |
| Término de materia o nombre geográfico como elemento de entrada |
HUMANIDADES |
| 650 ## - PUNTO DE ACCESO ADICIONAL DE MATERIA--TÉRMINO DE MATERIA |
| Fuente del encabezamiento o término |
Tesauro de Arte & Arquitectura |
| Término de materia o nombre geográfico como elemento de entrada |
EDUCACION HUMANISTICA |
| 650 ## - PUNTO DE ACCESO ADICIONAL DE MATERIA--TÉRMINO DE MATERIA |
| Fuente del encabezamiento o término |
Tesauro de Arte & Arquitectura |
| Término de materia o nombre geográfico como elemento de entrada |
LITERATURA |
| 650 ## - PUNTO DE ACCESO ADICIONAL DE MATERIA--TÉRMINO DE MATERIA |
| Fuente del encabezamiento o término |
Tesauro de Arte & Arquitectura |
| Término de materia o nombre geográfico como elemento de entrada |
FILOSOFIA |
| 650 ## - PUNTO DE ACCESO ADICIONAL DE MATERIA--TÉRMINO DE MATERIA |
| Fuente del encabezamiento o término |
Tesauro de Arte & Arquitectura |
| Término de materia o nombre geográfico como elemento de entrada |
IDENTIDAD |
| 650 ## - PUNTO DE ACCESO ADICIONAL DE MATERIA--TÉRMINO DE MATERIA |
| Fuente del encabezamiento o término |
Tesauro de Arte & Arquitectura |
| Término de materia o nombre geográfico como elemento de entrada |
PUBLICACIONES PERIODICAS |
| 651 ## - PUNTO DE ACCESO ADICIONAL DE MATERIA--NOMBRE GEOGRÁFICO |
| Fuente del encabezamiento o término |
Tesauro de Arte & Arquitectura |
| Nombre geográfico |
AMERICA CENTRAL |
| 942 ## - ELEMENTOS DE ENTRADA SECUNDARIOS (KOHA) |
| Fuente del sistema de clasificación o colocación |
Clasificación Decimal Dewey |
| Tipo de ítem Koha |
Libros |
| Parte de la signatura que corresponde a la clasificación (Parte de la clasificación) |
001.3 |
| Parte de la signatura que identifica el ejemplar (Parte del ítem) |
U58i |
| Suprimir en OPAC |
No |